| 000 | 00307 a2200133 4500 | ||
|---|---|---|---|
| 001 | 63834 | ||
| 020 | _a9789693510768 | ||
| 082 | _a891.4397 YOU | ||
| 090 |
_c37753 _d37753 |
||
| 100 | _aYounis Butt | ||
| 245 | _aMazah Bakhair [Urdu] | ||
| 260 |
_aLahore _bSang-e-Meel Publications |
||
| 300 | _a391 pp | ||
| 942 |
_acaenust _k891.4397 YOU |
||
| 999 |
_c298907 _d298907 |
||